| 000 | 00650cam a2200217 4500 | ||
|---|---|---|---|
| 008 | 000000n1994 000 0 eng u | ||
| 020 | _a1874266115 | ||
| 035 | _a(Sirsi) u110838 | ||
| 050 | _a693.544 | ||
| 110 |
_aFederation Internationale de la Precontrainte (FIP) _9669 |
||
| 245 | _aPlanning and design handbook on precast building structures. | ||
| 260 |
_aLondon _bSETO _c1994 |
||
| 300 | _a138p. ; ill ; 30cm. | ||
| 650 | _aPRECAST CONCRETE | ||
| 650 | _aSTRUCTURES | ||
| 650 | _aBUILT ENVIRONMENT-CONSTRUCTION DESIGN | ||
| 650 | _aPLANNING | ||
| 650 | _aCONCRETE | ||
| 690 | _aBUILT ENVIRONMENT-CONSTRUCTION DESIGN | ||
| 942 | _n0 | ||
| 999 |
_c101142 _d101142 |
||